000 00791nam a22001937a 4500
999 _c60735
_d60735
005 20231016154629.0
008 231016s1985ru xxu||||| |||| 00| 0 rus d
041 _arus
080 _a902.2 Б-68
100 _aБлаватский, В. Д.
_920092
245 _aАнтичная археология и история /
_cВ. Д. Блаватский.
264 _aМосква :
_b Наука,
_c1985.
300 _a 280 с .:
_b23 cм.
_cил.;
653 _aАнтичная археология и история
653 _aუძველესი არქეოლოგია და ისტორია
653 _aარქეოლოგია
710 _aАкадемия Наук СССР ; Институт археологии
_920094
942 _2udc
_cBK